Statistics for Biggest "Saint" Cities - United States

Click here to take the quiz!

General Stats

  • This quiz has been taken 22,859 times
  • The average score is 5 of 9

Answer Stats

PopulationCity% Correct
881,549San Francisco
89%
1,423,851San Diego
85%
300,576Saint Louis
78%
1,021,795San Jose
73%
1,547,253San Antonio
72%
308,096Saint Paul
51%
332,318Santa Ana
33%
265,351Saint Petersburg
30%
215,784San Bernardino
24%

Score Distribution

Percentile by Number Answered

Percent of People with Each Score

Your Score History

You have not taken this quiz